Zonas arqueológicas de México - Estadísticas

Estadísticas generales
  • Esta prueba ha sido intentada 16 veces
  • La puntuación promedio es 18 de 189
Estadísticas de respuestas
Estado Zona Arqueológica % Correcto
Yucatán Chichén Itzá
75%
Estado de México Teotihuacán
75%
Quintana Roo Tulum
69%
Ciudad de México Templo Mayor
56%
Hidalgo Tula
50%
Veracruz El Tajín
44%
Chiapas Palenque
44%
Tlaxcala Cacaxtla Xochitécatl
38%
Oaxaca Cuevas de Mitla y Yagul
38%
Ciudad de México Cuicuilco
38%
Tabasco La Venta
38%
Oaxaca Mitla
38%
Oaxaca Monte Alban
38%
Ciudad de México Tlatelolco
38%
Yucatán Uxmal
31%
Morelos Xochicalco
31%
Campeche Calakmul
25%
Puebla Cholula
25%
Quintana Roo Cobá
25%
Zacatecas La Quemada
25%
Veracruz San Lorenzo
25%
Estado de México Tenayuca
25%
Estado de México Tenayuca II
25%
Michoacán Tzintzuntzan
25%
Chiapas Bonampak
19%
Quintana Roo Caracol - Punta Sur
19%
Querétaro El Cerrito
19%
Estado de México El Conde
19%
Jalisco Guachimontones (Teuchitlán)
19%
Yucatán Izamal
19%
Chihuahua Paquimé
19%
Veracruz Quiahuiztlán
19%
Quintana Roo Xelhá
19%
Chiapas Yaxchilán
19%
Zacatecas Alta Vista (Chalchihuites)
13%
Campeche Balamkú
13%
Campeche Becán
13%
Puebla Cantona
13%
Veracruz Castillo de Teayo
13%
Veracruz Cempoala
13%
Campeche Chicanná
13%
Chihuahua Cuarenta Casas
13%
Chihuahua Cueva de la olla
13%
Campeche Dzibilnocac
13%
Quintana Roo Dzinbanché
13%
Campeche Edzná
13%
Yucatán Ek' Balam
13%
Quintana Roo El Rey
13%
Campeche El Tigre
13%
Veracruz El Zapotal
13%
Estado de México Huamango
13%
Yucatán Kabah
13%
Sinaloa Las Labradas
13%
Estado de México Malinalco
13%
Yucatán Mayapán
13%
Tabasco Moral-Reforma
13%
Quintana Roo Oxtankah
13%
Quintana Roo Playa del Carmen (Xamanhá)
13%
Yucatán Sayil
13%
Campeche Tabasqueño
13%
Puebla Tehuacan el viejo
13%
Puebla Tepexi el viejo
13%
Morelos Tepozteco
13%
Estado de México Tlapacoya
13%
Chiapas Toniná
13%
Quintana Roo Xcaret
13%
Campeche Xpuhil
13%
Campeche Xtampak
13%
Oaxaca Yagul
13%
Yucatán Acanceh
6%
Oaxaca Atzompa
6%
Guanajuato Cañada de la virgen
6%
Ciudad de México Cerro de la Estrella
6%
Estado de México Chimalhuacán
6%
Campeche Chunhuhub
6%
Tabasco Comacalco
6%
Oaxaca Dainzú
6%
Yucatán Dzibilchaltún
6%
Tamaulipas El Balcón de Moctezuma
6%
Campeche El Hormiguero
6%
Baja California El Vallecito
6%
Michoacán Huandacareo La Nopalera
6%
Michoacán Ihuatzio
6%
Guerrero Ixcateopan
6%
Estado de México Ixtapaluca (Acozac)
6%
Nayarit Ixtlán del Río (Los Toriles)
6%
Chiapas Izapa
6%
Quintana Roo Kohunlich
6%
Colima La Campana
6%
Oaxaca Lambityeco
6%
Estado de México Los Reyes Acaquilpan
6%
Ciudad de México Mixcoac
6%
Quintana Roo Muyil
6%
Tlaxcala Ocotelulco
6%
Hidalgo Pahñu
6%
Guanajuato Peralta
6%
Guanajuato Plazuelas
6%
Querétaro Ranas
6%
Michoacán San Felipe de los Alzati
6%
Estado de México San Miguel Ixtapan
6%
Estado de México Santa Cecilia Acatitlán
6%
Baja California Sur Sierra de San Francisco
6%
Querétaro Tancama
6%
Estado de México Teotenango
6%
Tlaxcala Tizatlán
6%
Querétaro Toluquilla
6%
Michoacán Tres Cerritos
6%
Veracruz Tres Zapotes
6%
Tlaxcala Zultepec-Tecoaque
6%
Yucatán Aké
0%
Guanajuato Arroyo seco
0%
Yucatán Balamcanché
0%
Oaxaca Boca del Río Copalita
0%
Nuevo León Boca de Potrerillos
0%
Quintana Roo Calica
0%
Estado de México Calixtlahuaca
0%
Puebla Cerrito de San Cristóbal de Tepatlaxco
0%
Oaxaca Cerro de la Campana (Huijazoo)
0%
Zacatecas Cerro de Las Ventanas
0%
Zacatecas Cerro de Teúl
0%
Sonora Cerro de Trincheras
0%
Quintana Roo Chacchoben
0%
Yucatán Chacmultún
0%
Quintana Roo Chakanbakán
0%
Morelos Chalcatzingo
0%
Chiapas Chiapas de Corzo
0%
Chiapas Chinkultic
0%
Morelos Coatetelco
0%
Veracruz Cuajilote
0%
Chihuahua Cueva grande
0%
Veracruz Cuyuxquihui
0%
Colima El Chanal
0%
Guanajuato El Cóporo
0%
Jalisco El Grillo
0%
Quintana Roo El Meco
0%
Tamaulipas El Sabinito
0%
Oaxaca Guiengola
0%
Campeche Hochob
0%
Oaxaca Huamelulpan
0%
Guerrero Huamuxtitlán
0%
Hidalgo Huapalcalco
0%
Chihuahua Huápoca
0%
Estado de México Huexotla
0%
Chiapas Iglesia Vieja
0%
Jalisco Ixtépete
0%
Campeche Kankí
0%
Quintana Roo Kinichná
0%
Yucatán Labná
0%
Durango La Ferrería
0%
Chiapas Lagartero
0%
Guerrero La Sabana
0%
Tamaulipas Las Flores
0%
Veracruz Las Higueras
0%
Morelos Las Pilas
0%
Yucatán Loltún
0%
Estado de México Los Melones
0%
Guerrero Los Tepoltzis
0%
Tabasco Malpasito
0%
Campeche Nadzca'an
0%
Estado de México Ocoyoacan
0%
Morelos Olintepec
0%
Yucatán Oxkintok
0%
Guerrero Palma sola
0%
Tabasco Pomoná
0%
Guerrero Querende (Cuetlajuchitlán)
0%
Coahuila Rincón colorado
0%
Quintana Roo San Gervasio
0%
Quintana Roo San Miguelito
0%
Guerrero Soledad de Maciel
0%
San Luis Potosí Tamohí (El Consuelo)
0%
San Luis Potosí Tamtoc
0%
Guerrero Tehuacalco
0%
Chiapas Tenam Puente
0%
Guerrero Teopantecuanitlán
0%
Morelos Teopanzolco
0%
Puebla Tepapayeca
0%
Puebla Teteles de Santo Nombre
0%
Estado de México Tetzcotzinco
0%
Michoacán Tingambato
0%
Campeche Tohcok
0%
Veracruz Vega de la Peña
0%
Campeche Xcalumkin
0%
Yucatán Xcambó
0%
Hidalgo Xihuingo
0%
Yucatán Xlapak
0%
Guerrero Xochipala
0%
Morelos Yautepec
0%
Puebla Yohualichan
0%
Oaxaca Zaachila
0%
No se encontraron pruebas coincidentes
Distribución de puntuación
Porcentaje de gente con cada puntuación
Porcentaje por número respondido
Historial de tus puntuaciones
No has intentado esta prueba.